Pedro Páramo / (Registro nro. 12713)
[ vista simple ]
| 000 -LIDER | |
|---|---|
| fixed length control field | 00900nam a22002537a 4500 |
| 003 - IDENTIFICACDOR DE NÚMERO DE CONTROL | |
| control field | DO-SdBNP |
| 005 - DATE AND TIME OF LATEST TRANSACTION | |
| control field | 20240717101728.0 |
| 008 - ELEMENTOS DE LONGITUD FIJA | |
| fixed length control field | 171030b 2001 |||| |||| 00| 0 spa d |
| 020 ## - ISBN | |
| International Standard Book Number | 8481302651 |
| 040 ## - FUENTE DE CATALOGACIÓN | |
| Agencia que crea de manera original el registro | BMPHU |
| Idioma de catalogación | spa |
| Agencia que realiza la transcripción | BMPHU |
| 082 #4 - NÚMERO DE CLASIFICACIÓN DECIMAL DE DEWEY | |
| Classification number | M860.6 |
| Item number | R935p 2001 |
| Edition number | 22 |
| 100 1# - ASIENTO PRINCIPAL -- NOMBRE PERSONAL | |
| Nombre personal | Rulfo, Juan |
| Fechas asociadas con el nombre | 1918-1986 |
| 245 10 - MENCIÓN DE TITULO | |
| Título | Pedro Páramo / |
| Mención de responsabilidad | Juan Rulfo ; prólogo Jorge Volpi |
| 260 ## - PUBLICACIÓN, DISTRIBUCIÓN, ETC. (PIE DE IMPRENTA) | |
| Lugar de publicación, distribución, etc | [s. n.] : |
| Nombre del editor, distribuidor, etc. | Biblioteca del Mundo, |
| Fecha de publicación, distribución, etc | 2001. |
| 300 ## - DESCRIPCIÓN FÍSICA | |
| Extensión | 95 p. ; |
| Dimensiones | 22 cm. |
| 490 0# - MENCIÓN DE SERIES | |
| Mención de serie | Biblioteca el mundo, |
| Volume/sequential designation | 22 |
| 500 ## - NOTA GENERAL | |
| Nota general | Incluye datos biográficos del autor en la solapa de la cubierta |
| 590 ## - NOTA LOCAL | |
| Field link and sequence number (RLIN) | Inventariado, 2021/VM |
| 600 14 - ENCABEZAMIENTO DE MATERIA--NOMBRE PERSONAL | |
| Nombre personal | Rulfo, Juan, |
| Título de una obra | Pedro Páramo |
| Fechas asociadas con el nombre | 1918-1986 |
| Subdivisión temática general | Crítica e interpretación. |
| 600 14 - ENCABEZAMIENTO DE MATERIA--NOMBRE PERSONAL | |
| Nombre personal | Rulfo, Juan, |
| Título de una obra | Pedro Páramo |
| Fechas asociadas con el nombre | 1918-1986 |
| Subdivisión temática general | Análisis literario. |
| 700 1# - ASIENTO SECUNDARIO -- NOMBRE PERSONAL | |
| Nombre personal | Volpi, Jorge, |
| Mención de responsabilidad | prólogo |
| 910 ## - VALIDACIÓN | |
| Validación | VMateo V. Control de caliad. BPMSU |
| 942 ## - ADDED ENTRY ELEMENTS (KOHA) | |
| Source of classification or shelving scheme | Dewey Decimal Classification |
| Koha item type | Libros |
| Withdrawn status | Lost status | Source of classification or shelving scheme | Damaged status | Not for loan | Collection code | Home library | Current library | Date acquired | Source of acquisition | Total Checkouts | Full call number | Barcode | Date last seen | Price effective from | Koha item type |
|---|---|---|---|---|---|---|---|---|---|---|---|---|---|---|---|
| Dewey Decimal Classification | Colección General | Biblioteca Pública Metropolitana Salomé Ureña | Biblioteca Pública Metropolitana Salomé Ureña | 10/30/2017 | FUNDI | BPMSU CG M860.6 R935p 2001 | BPMSU17100170 | 10/30/2017 | 10/30/2017 | Libros |